000 00947nam a2200253Ia 4500
003 OSt
005 20220923220214.0
006 a|||||r|||| 00| 0
007 ta
008 220922b |||||||| |||| 00| 0 hin d
024 _a184,996
037 _cTextual
040 _aARTS
_cARTS
_bhin
041 _2hin
_ahin
082 _aO152,2:g(Y), N0
100 _aअग्निहोत्री, शकुन्तला
_9159614
245 0 _aहिन्दी नाटकों में बौद्वकालीन संस्कृति
246 _aHindī nāṭakoan mean baudvakālīn sanskṛuti
260 _aकानपुर
_b वन्दना पब्लिकेशन
_c1990
300 _a223 पृ.
_ccm.
650 _aहिन्दी साहित्य
_9156264
942 _hO152,2:g(Y), N0
_cTEXL
_2CC
999 _c338253
_d338253